zpět

Detail výsledku týmu

Koupák, Neratovice

Datum a čas kvízu

17 Celkem bodů Celkový počet nahraných bodů na tomto kvízu bez doplňovacích otázek.
5. Pořadí na kvízu Konečné umístění týmu na tomto kvízu.

Zaznamenané odpovědi

# Otázka Odpověď Body Výsledky
1. Proti návrhu poslance ANO přej... 0
2. V severoitalské Pavii byl v mi... 0
3. Která naše televizní stanice o... 1
4. Švýcarská společnost Nestlé pr... 1
5. Trenér Pavel Hapal skončil na... 0
5. Jak se nazývá u savců tzv. prv... 0
7. Novinkou ve světě rodičů je tz... 0
8. Jak se jmenuje značka kojeneck... 1
5. Mezi první zdravotní úkony, kt... 0
10. Na závěr si dovolíme jeden osl... 0